000 00472nab a2200145Ia 4500
003 ES-SlBCS
005 20210601131854.0
008 140529s1972 xxu||||| |||| 00| 0 ger d
041 _ager
100 1 _aLuhmann, Niklas
_d, 1927-1998
_999144
245 0 0 _aRechtstheorie im interdisziplinären Zuzammenhang
_c Niklas Luhmann
650 0 4 _aTeoría del Derecho
_9163196
773 0 _tAnales de la Catedra Francisco Suarez
_gnº. 12, 1972, págs. 201-253
_wRev1020
942 _cAR
999 _c570271
_d570271